Statistics for International Destinations from Adelaide

Click here to take the quiz!

General Stats

  • This quiz has been taken 241 times
  • The average score is 8 of 9

Answer Stats

CountryAnswer% Correct
New ZealandAuckland
100%
Hong KongHong Kong
98%
SingaporeSingapore
98%
UAEDubai
97%
MalaysiaKuala Lumpur
95%
IndonesiaDenpasar
91%
QatarDoha
90%
ChinaGuangzhou
79%
FijiNadi
60%

Score Distribution

Percentile by Number Answered

Percent of People with Each Score

Your Score History

You have not taken this quiz